000 01287cam a22003011i 4500
003 OSt
005 20251230072923.0
008 251225s2005 su g f000 0 ara c
020 _a9960880923
040 _aSA-MaUQU
_bara
_cSA-RiAUC
_erda
043 _aa-ye---
_aa-su---
082 0 4 _a915.312104
_qSA-RiAUC
090 _a915.312104
_bا س م
100 1 _aإسماعيل جغمان، إسماعيل بن حسين بن حسن،
_d1212-1256 هجري
_eمؤلف.
245 1 0 _aرحلة الحج من صنعاء إلى مكة المكرمة /
_cللعلامة إسماعيل جغمان ؛ دراسة وتعليق محمد عبد الرحمن الثنيان.
264 1 _aالرياض :
_bدارة الملك عبد العزيز العامة،
_c2005
300 _a138 صفحة ؛
_c22 سم.
336 _aنص
_btxt
_2rdacontent
_3كتاب
337 _aبدون وسيط
_bn
_2rdamedia
338 _aمجلد
_bnc
_2rdacarrier
490 0 _aكتاب الدارة ؛
_v9
650 7 _aالحج
_2aucsh
651 7 _aمكة المكرمة
_xوصف ورحلات
_2aucsh
651 7 _aصنعاء (اليمن)
_xوصف ورحلات
_2aucsh
700 1 _aالثنيان، محمد بن عبد الرحمن
_eمعلق.
942 _2ddc
_cBOOK
_n0
949 _aSA-JeALM
_d251225
_umohamedma123
_n1
999 _c13816
_d13816